The world according to Breslin
| Main Author: | |
|---|---|
| Other Authors: | |
| Format: | Book |
| Published: |
New York :
McGraw-Hill ,
1984
|
| Subjects: |
MARC
| LEADER | 00000cam a2200000 7i4500 | ||
|---|---|---|---|
| 001 | 0000003296 | ||
| 005 | 20021106.0 | ||
| 020 | |a 0070076499 | ||
| 040 | |a INS | ||
| 090 | 0 | 0 | |a PS3552.R39 |b W6 1984 |
| 100 | 1 | |a Breslin, Jimmy | |
| 245 | 1 | 4 | |a The world according to Breslin |c Jimmy Breslin, annolated by Michael J. O'Neill and William Brink |
| 260 | |a New York : |b McGraw-Hill , |c 1984 | ||
| 300 | |a xxii, 374p. ; |c 17 cm. | ||
| 650 | 0 | 0 | |a American essays |
| 700 | 1 | |a O'Neill, Michael J. | |
| 999 | |a 0000004244 |b BOOK |c Open Shelf |e Default branch | ||